00489nam a2200181Ia 4500003000400000005001700004008004100021020001500062040001800077041000800095082002000103100001900123245009700142250000600239260003800245300000800283650001600291OSt20250107160744.0210716s1999 xx 000 0 und d a8176560685 cAIMIT LIBRARY aeng a005.7401 bBAYI aBayross, Ivan. aCommercial application development using oracle developer 2000 forms 5.0 /cBy Ivan Bayross a1 aNew DelhibBPB Publicationsc1999 a604 aOracle /SQL